000 00948nac a22003137a 4500
001 BR0504034
003 BR-BrBNA
005 20240105123204.0
008 230509b bl.|||m| |||| 00| 0 por d
040 _aBR-BrBNA
_bpor
_cBiblioteca Nacional de Agricultura
072 _aF02
090 _a2320 BR0504034
100 1 _aIshizuka, Y.
100 1 _aConceição, H.E.O.da
100 1 _aDuarte, M. de L.R.
110 1 _aEMBRAPA Amazônia Oriental, Belém, PA (Braazil)
245 1 _aCultivo da pimenteira-do-reino com tutor vivo de gliricídia
260 3 _aBelém, PA (Brasil):
_c2003.
300 _a27 p.
490 _aDocumentos - EMBRAPA Amazonia Oriental (Brazil)
_vno. 182
_xISSN 1517-2001
500 _a54 illus.
650 _aPIMENTA DO REINO
650 _aMUDA
650 _aTUTORAMENTO
650 _aADUBAÇÃO
650 _aPRÁTICA CULTURAL
909 _a202312
_bLúcia Elande
_c55
_dLúcia Elande
942 _2AGRIS
_n0
_cMS
999 _c294363
_d294363